| 000 | nam a22 a 4500 | ||
|---|---|---|---|
| 999 |
_c2083 _d2083 |
||
| 003 | AKMAL | ||
| 005 | 20170515111246.0 | ||
| 008 | 170515s1990 xxu 00 eng d | ||
| 020 |
_a0803935234: _cfree |
||
| 020 | _a0803935242 (pbk.) | ||
| 040 |
_aAKMAL _cAKMAL |
||
| 082 | 0 | 4 | _a361.61072 ALK |
| 090 |
_a361.61072 _bALK |
||
| 100 | 1 |
_aAlkin, Marvin C _94292 |
|
| 245 | 1 | 0 |
_aDebates on evaluation / _cMarvin C. Alkin ; contributions by Michael Quinn Patton and Carol H. Weiss |
| 260 |
_aNewbury Park, Calif. : _bSAGE Publications, _c1990 |
||
| 300 |
_a302p. : _bill. ; _c22cm |
||
| 504 | _aIncludes bibliographical references | ||
| 650 |
_aEvaluation research (Social action programs) _94293 |
||
| 700 | 1 |
_aPatton, Michael Quinn _94294 |
|
| 700 | 1 |
_aWeiss, Carol H. _94295 |
|
| 942 |
_2ddc _cBOOK |
||